00665nam a2200193Ia 4500008004100000020001300041082001200054100002900066245005200095250000900147260004400156300002400200500002700224600003300251650001700284942000700301952014800308999001500456240925s9999 xx 000 0 und d a85296330 a030 BRI aEncyclopeadia, Britanica 4aThe New Encyclopaedia Britannnica: micropaedia  a15th aChicago:bEncyclopadia Britanicc,1998. a1044p.b3fOriginal aIncludes Abbreviations aHumanities & Natural Science aEncyclopedia cBK 001040708HUMaUITUbUITUd2002-07-16eProgressive International Aggenciesg47200.00l0o030 BRIpQ4432r2024-09-25 07:13:30w2024-09-25yBK c6931d6931